000
00335nam a22001457a 4500
020
_a
978-0-19-848669-5
082
_a
823
_b
EMM/D
100
_a
EMMETT, JONATHAN
245
_a
DOOHICKEY AND THE ROBOT
260
_a
LONDON
_b
OXFORD UNIVERSITY PRESS
_c
2005
300
_a
55
520
_a
SHORT STORY
650
_a
SHORT STORY
942
_c
BK
999
_c
5860
_d
5860